| 000 | 00446nam a2200181Ia 4500 | ||
|---|---|---|---|
| 001 | 20294 | ||
| 005 | 20260306172755.0 | ||
| 008 | 260306t1966||||xx |||||||||||||| ||spa|| | ||
| 041 | _aESP | ||
| 082 |
_a343.1 _bP43 |
||
| 100 |
_aPareja Paz - Soldan, José [1913-1997] _eAUT |
||
| 245 | 0 | _aDerecho constitucional peruano | |
| 260 | _c1966 | ||
| 300 |
_a595 páginas : _c24 cm. |
||
| 650 | _aGEN | ||
| 654 | _aCDE | ||
| 942 |
_cLIB _dJUS _fJUS _2ddc _n |
||
| 999 |
_c20294 _d20294 |
||